1169 1746 1965 1787 1076 1899 1996 1999 1794 1917 1374 1151 1296 1936 1866 1035 1583 1016 1708 1556 1444 1633 1902 1094 1012 1053 1720 1020 1495 1004 1310 1396 1823 1439 1215 1315 1450 1099 1581 1047 1206 1981 1305 1943 1956 1161 1988 1158 1971 1341 1593 1845 1605 1394 1138 1779 1541 1270 1759 1647 1160 1982 1366 1959 1738 1522 1956 1373 1311 1746 1209 1795 1283 1597 1278 1757 1050 1586 1878 1753 1843 1947 1642 1359 1087 1404 1630 1046 1263 1955 1887 1980 1450 1354 1108 1943 1382 1751 1208 BCNSPRNW ULIB Ver.6.0+V

เปลี่ยนเป็นภาษาไทย

Change to English
 แสดงรายละเอียดบรรณานุกรม
  กลับหน้าหลัก

Brief Record : Get Marc (ISO 2709) : E-mail record : QR code < ปิดหน้าต่าง
LEADER : 00000nam 2200000uu 4500
001    13399111806
003     ULIB
008    110627s2552||||th 000 0 tha d
020    9786117123122
090    นว.^bอ333ห 2552
100 0  อรพิชชา
245 00 หนี้รักกับดักหัวใจ/^cอรพิชชา
250    พิมพ์ครั้งที่ 1
260    กรุงเทพฯ :^bกรีนมายด์,^c2552
300    238 หน้า
945    ^p179^l0^i026036
995    ทศพร
999 ^a ใช้งานได้ทุกระบบ
รายการนี้ยังไม่มีแท็ก
คุณยังไม่ได้ล็อกอิน คุณสามารถมีกิจกรรมร่วมกับเว็บไซต์ได้ แต่ต้องล็อกอินก่อน ::
  ล็อกอิน

รายการสื่อสารสนเทศ

ลำดับที่ ประเภท เลขเรียก/บาร์โค้ด สถานที่ สถานะ
- ไม่พบข้อมูล -

BibComment


ยังไม่เคยถูกคอมเมนท์

คอมเมนท์ทรัพยากรรายการนี้
  คอมเมนท์: หนี้รักกับดักหัวใ..


 Copyright 2026. Bcnsprnw @Library